Tresorschatten : Roman /

Bibliographic Details
Main Author: Schriber, Margrit
Format: Book
Language:German
Published: Zürich : Nagel & Kimche, 1987.

MARC

Tag First Indicator Second Indicator Subfields
LEADER 00000cam a2200000 a 4500
001 in00000017146
005 20151007053407.0
008 870609s1987 sz 00011 ger d
020 |a 3312001269 
035 |a (OCoLC)16407547 
035 |9 AAB1502AM 
040 |a YSM  |c YSM  |d BOS  |d OCL  |d TXA  |d UtOrBLW 
049 |a TXAM  |c [A10990408] 
050 4 |a PT2680.R48  |b T7 1987 
100 1 |a Schriber, Margrit. 
245 1 0 |a Tresorschatten :  |b Roman /  |c Margrit Schriber. 
264 1 |a Zürich :  |b Nagel & Kimche,  |c 1987. 
300 |a 171 pages ;  |c 20 cm. 
336 |a text  |b txt  |2 rdacontent 
337 |a unmediated  |b n  |2 rdamedia 
338 |a volume  |b nc  |2 rdacarrier 
999 |a MARS 
999 f f |s 84804cbe-0d6f-3c55-88ee-f0f2f5cc4a96  |i 907aa81d-0364-3369-8f75-f8db3a45092d  |t 0 
952 f f |p ric  |a Texas A&M University  |b Rellis Campus  |c Joint Library Facility  |d Remote Storage  |t 0  |e PT2680.R48 T7 1987  |h Library of Congress classification  |i unmediated -- volume  |m A14810990408 
998 f f |a PT2680.R48 T7 1987  |t 0  |l Remote Storage